000 01328nam a22003017a 4500
001 8794
003 FISKH
005 20251021104026.0
008 251021b cb ||||| |||| 00| 0 eng d
020 _a9781845572907
040 _aFISKH
_beng
_cFISKH
_dFISKH
050 _aPR3403 .A1
082 _a823.5
100 _aDefoe, Daniel
245 _aRobinson Crusoe /
_cBy Daniel Defoe
260 _aNew York :
_bRising Sun ,
_c2005.
300 _a72 pages :
_billustrations ;
_c21 cm.
490 _aGraded Readers
_vLevel 3
505 _aS
520 _aClassic Literature. Fiction. HTML:Robinson Crusoe is the fictional autobiography of the title character. As a young man, Crusoe sets out from England on a disastrous sea voyage. His passion for seafaring remains undiminished and so he sets out again, only to be shipwrecked a third time. His journey takes him to Brazil where he becomes a plantation owner. A third and final shipwrecking, however, leaves him stranded for 28 years on a remote island. There he becomes a devout Christian and believes his life lacks nothing but society.
521 8 _a780
_bLexiel
521 8 _aR
_bRaz-Plus
650 _aNovel
_vFiction
650 _aShipwreck
_vFiction
700 _aChoudhury, Bani Roy
_eIllustrator
942 _2ddc
_cBK
_n0
999 _c8794
_d8794